The Thick Of It - Complete the quotes - Statistics

General Stats
  • This quiz has been taken 239 times
  • The average score is 7 of 15
Answer Stats
Hint Answer % Correct
Malcolm Tucker "Don't you EVER call me a {bully}... I'm so much worse than that."
84%
Peter Mannion "I'm bored of this. I'm going for a {Twix}."
73%
Receptionist "No reception in {reception}."
65%
Ollie Reeder "It's no life for you, is it, Glenn? Do you want me to call Dignitas? I could call {Indignitas}."
62%
Malcolm Tucker "This is like a clown running across a {minefield}!"
62%
Peter Mannion "Sorry darling, I have to go — I think the bailiffs are coming to take away my {will to live}."
58%
Ollie Reeder "He's old and sullen, {vote for Cullen}"
53%
Nicola Murray "You're about as on the ball today as a {dead seal}."
51%
Glen Cullen "He goes into debt every time he passes a {sweet shop}!"
48%
Ollie Reeder "He likes to think of himself as more of a thin, white {Mugabe}."
44%
Terri Coverley "Well it was a bit of a shock for us all. In a good way. Like twins or a {tax rebate}."
38%
Peter Mannion "Malcolm. You're looking well... for someone twice your age. Any news on the {aneurysm}?"
34%
Hugh Abbott "I think we're lucky that 'citizenship' was the first thing that came to mind. Otherwise we could have been The Department for Social Affairs and {Woodland Folk}."
30%
Malcolm Tucker "{Scruples}? What are they? Is that those low-fat Kettle Chips?"
26%
Hugh Abbott "I categorically did not knowingly not tell the truth. Even though unknowingly {I might not have done}."
6%
No matching quizzes found
Score Distribution
Percent of People with Each Score
Percentile by Number Answered
Your Score History
You have not taken this quiz